LEADER 01182nam a2200277 u 4500 001 000000087608 003 CaOOAMICUS 005 20070226124426.0 008 051017s1957 fr u000 u ger u 035 $a11064180 040 $aPUL(R)$bita 041 1 $afre$hger 100 1 $aBalthasar, Hans Urs von,$ccardinale,$d1905-1988.$0(OLS)http://pul/name/1429 240 10$aGottesfrage des heutigen Menschen.$lFrancese.$0(OLS)http://pul/title/78175 245 10$aDieu et l'homme d'aujour'hui /$cHans Urs von Balthasar ; traduit de l'allemand par Robert Givord. 260 $aParis :$bDesclée de Brouwer,$c1957. 300 $a342 p.; ;$c19 cm 490 1 $aPrésence chrétienne 504 $aNote bibliografiche. 650 4$aFilosofia e religione.$0(OLS)http://pul/subject/2646 830 0$aPrésence chrétienne.$0(OLS)http://pul/title/31524 850 $aPUL 852 $aPUL$W1$xDP1 Fondo Pastorale$y55$mP2 B 49$j111042$nBK-PRI$b $qFondi$B111042$CPULBib$Z2$F111042 $HPUL2562 $81 941 1 $a1 996 $6245$aDieu et l'homme d'aujour'hui$9(OLS)http://pul/title/78176 996 $6260$aParis :$bDesclée de Brouwer$9(OLS)http://pul/publisher/49456 LEADER 00973nam a2200265 a 4500 001 000000136501 003 CaOOAMICUS 005 20131128145936.0 008 131128s1978 it 000 0 ita r 040 $aPUL$bita 041 1 $aita$hger 100 1 $aRilke, Rainer Maria,$d1875-1926.$0(OLS)http://pul/name/73555 245 13$aLe storie del buon Dio /$cRainer Maria Rilke ; a cura di Giorgio Zampa. 260 $aMilano :$bRizzoli,$c©1978. 300 $a174 p. ;$c16 cm. 490 1 $aIl ramo d'oro 700 1 $aZampa, Giorgio.$0(OLS)http://pul/name/68155 830 3$aIl ramo d'oro.$0(OLS)http://pul/title/37808 850 $aPUL 852 $aPUL$W1$xDP1 Fondo E. Rossi$y115$m2 D 71$j157225$qFondi$B156696$CPULBib$Z2$F156696 $82 941 1 $a1 961 $aSul dorso collocazione ms. di E. Rossi: IV 69 996 $6245$aLe storie del buon Dio$9(OLS)http://pul/title/172736 996 $6260$aMilano :$bRizzoli$9(OLS)http://pul/publisher/48712